Libro del año Barsa 1969

-д хадгалсан:
Номзүйн дэлгэрэнгүй
Үндсэн зохиолчид: Ferrer Veraza, Guillermo (Зохиогч), Garza Reyes, Leandro (Зохиогч), Peña, Ernesto de la (Зохиогч), Gómez Estradé, Perfecto (Зохиогч)
Формат: Ном
Хэл сонгох:испани
Хэвлэсэн: Chicago Encyclopaedia Britannica 1969
Нөхцлүүд:
Шошгууд: Шошго нэмэх
Шошго байхгүй, Энэхүү баримтыг шошголох эхний хүн болох!

MARC

LEADER 00000nam a2200000 a 4500
001 UCH2387
003 CL-VaPUC
008 090611e19690000US |||||||||||||||||spa|d
082 0 4 |a 030  |b FER  |2 21 
100 0 |a Ferrer Veraza, Guillermo  |e author  |9 537155 
700 |a Garza Reyes, Leandro  |e author  |9 537163 
700 0 |a Peña, Ernesto de la  |e author  |9 537157 
700 0 |a Gómez Estradé, Perfecto  |e author  |9 537158 
245 1 0 |a Libro del año Barsa 1969 
300 |a 416 p 
942 |c BK 
945 |d 20090611 00:00:00  |a rbrito 
260 |a Chicago  |b Encyclopaedia Britannica  |c 1969 
650 0 |a Enciclopedias  |9 264135 
650 0 |a Anuarios  |9 258977 
583 |a last modification  |c 20090611 00:00:00  |k Rodrigo Vera 
999 |c 334128  |d 334126 
952 |0 0  |1 0  |4 0  |6 030_000000000000000_FER_1969  |7 0  |8 X  |9 422950  |a FDOBUD  |b FDOBUD  |d 2019-11-22  |i 4556569  |o 030 FER 1969  |p 4556569  |r 2019-11-22  |w 2019-11-22  |y BK_X  |k BUD